000 00941nam0a22002411 4500
001 rc\4048673
005 20250610232646.0
035 _a(NLR Aleph) 007958680
090 _a8385406
_c8385406
100 _a20130415d1947 |||y0rusy50 ca
101 0 _arus
102 _aRU
105 _aa z |||||
200 1 _aРегулирование газотурбинных реактивных двигателей
_fС.П. Кувшинников
210 _a[Москва]
_cИзд-во Бюро новой техники
_d1947
215 _a32 с.
_cчерт.
_d29
225 1 _aМинистерство авиационной промышленности СССР. Научно-исследовательский институт № 1. Труды НИИ-1
_v№ 26 с. п.
700 1 _aКувшинников
_bС.П.
801 0 _aRU
_bNLR
_gpsbo
801 1 _aRU
_bELAR
_2rusmarc
852 _aNLR
_jФз02 Г-8/54-26
942 _cBOOK
980 _aNB